Representations and Character of Finite Groups /
Đã lưu trong:
| 主要作者: | |
|---|---|
| 格式: | Sách giấy |
| 語言: | English |
| 出版: |
Cambridge :
Cambridge University ,
1990
|
| 標簽: |
添加標簽
沒有標簽, 成為第一個標記此記錄!
|
| Thư viện lưu trữ: | Thư viện Trường Đại học Đà Lạt |
|---|
| LEADER | 00585nam a2200241 4500 | ||
|---|---|---|---|
| 001 | DLU020011186 | ||
| 005 | ##12/24/1999 | ||
| 041 | # | # | |a eng |
| 082 | # | # | |a 512.2 |b CO-M |
| 090 | # | # | |a 512.2 |b CO-M |
| 100 | # | # | |a Collins, M. J. |
| 245 | # | # | |a Representations and Character of Finite Groups / |c Collins M. J. |
| 260 | # | # | |a Cambridge : |b Cambridge University , |c 1990 |
| 300 | # | # | |a X, 242 tr.; |c 23 cm. |
| 992 | # | # | |a 13000 |
| 994 | # | # | |a DLU |
| 900 | # | # | |a False |
| 911 | # | # | |a Administrator |
| 925 | # | # | |a G |
| 926 | # | # | |a A |
| 927 | # | # | |a SH |
| 980 | # | # | |a Thư viện Trường Đại học Đà Lạt |